[Event "Sydney op"]
[Site "Parramatta"]
[Date "2010.04.08"]
[Round "4"]
[White "Stojic, Svetozar"]
[Black "Yu, Sally"]
[Result "1-0"]
[WhiteElo "2013"]
[BlackElo "1933"]
[PlyCount "81"]
[EventDate "2010.04.07"]
[EventType "swiss"]
[EventRounds "9"]
[EventCountry "AUS"]
[SourceTitle "CBM 135 Extra"]
[Source "ChessBase"]
[SourceDate "2010.05.04"]
[SourceVersion "1"]
[SourceVersionDate "2010.05.04"]
[SourceQuality "1"]

1. e4 e5 2. Nf3 Nc6 3. Bb5 a6 4. Ba4 Nf6 5. 0-0 Nxe4 6. d4 b5 7. Bb3 d5 8. dxe5 Be6 9. c3 Bc5 10. Nbd2 0-0 11. Bc2 Nxf2 12. Rxf2 f6 13. exf6 Bxf2+ 14. Kxf2 Qxf6 15. Nf1 Ne5 16. Be3 Nxf3 17. gxf3 Qh4+ 18. Kg1 c6 19. Bc5 Rf7 20. a4 Bf5 21. axb5 Bxc2 22. Qxc2 cxb5 23. Qd3 Qc4 24. Qxc4 dxc4 25. Kf2 Rf5 26. Bd4 Raf8 27. Nd2 Rh5 28. Kg3 Rh6 29. Ne4 Rg6+ 30. Kf2 Rh6 31. Kg2 Rg6+ 32. Ng3 Re6 33. h4 g6 34. Ne4 Rd8 35. Kg3 h6 36. Nc5 Re2 37. Rxa6 Kf7 38. Rf6+ Ke7 39. Rxg6 Rxb2 40. Rg7+ Ke8 41. Rg8+ 1-0

[Event "Sydney op"]
[Site "Parramatta"]
[Date "2010.04.07"]
[Round "2"]
[White "Stead, Kerry"]
[Black "Yu, Sally"]
[Result "1-0"]
[WhiteElo "2087"]
[BlackElo "1933"]
[PlyCount "83"]
[EventDate "2010.04.07"]
[EventType "swiss"]
[EventRounds "9"]
[EventCountry "AUS"]
[SourceTitle "CBM 135 Extra"]
[Source "ChessBase"]
[SourceDate "2010.05.04"]
[SourceVersion "1"]
[SourceVersionDate "2010.05.04"]
[SourceQuality "1"]

1. d4 d5 2. e4 e6 3. Be3 Nf6 4. e5 Nfd7 5. f4 c5 6. c3 Nc6 7. Nf3 Qb6 8. Qd2 Ne7 9. Be2 Nf5 10. Bf2 Qc7 11. 0-0 Nb6 12. b3 Be7 13. a4 0-0 14. Na3 a6 15. Nc2 Bd7 16. g4 Nh6 17. Ne3 f6 18. exf6 gxf6 19. Bg3 Bd6 20. a5 Nc8 21. Nh4 Ne7 22. Rf2 Nc6 23. Nxd5 exd5 24. dxc5 Be7 25. f5 Qd8 26. Qxh6 Bxc5 27. Bf3 Ne7 28. Re1 Rf7 29. b4 Bxf2+ 30. Bxf2 Bc6 31. Bd4 Qf8 32. Qd2 Qg7 33. Ng2 Rd8 34. Kf2 Qf8 35. Nf4 Qh6 36. Kg3 Rg7 37. Qd3 Bb5 38. Qc2 Rg5 39. Rxe7 Rd7 40. Rxd7 Bxd7 41. Bxd5+ Kg7 42. Ne6+ 1-0

[Event "Oceania zt (Women)"]
[Site "Gold Coast"]
[Date "2009.06.21"]
[Round "3"]
[White "Yu, Sally"]
[Black "Reid, Vanessa"]
[Result "1-0"]
[WhiteElo "1819"]
[BlackElo "1837"]
[PlyCount "57"]
[EventDate "2009.06.20"]
[EventType "swiss"]
[EventRounds "9"]
[EventCountry "AUS"]
[SourceTitle "CBM 131 Extra"]
[Source "ChessBase"]
[SourceDate "2009.09.03"]
[SourceVersion "2"]
[SourceVersionDate "2009.09.16"]
[SourceQuality "1"]

1. e4 e6 2. d4 d5 3. Nc3 Bb4 4. e5 c5 5. a3 Ba5 6. Nf3 cxd4 7. Qxd4 Ne7 8. Bd2 Bd7 9. Bd3 Bxc3 10. Bxc3 Nbc6 11. Qg4 Ng6 12. h4 Qc7 13. Qg5 h6 14. Qg3 0-0-0 15. Bxg6 fxg6 16. Qxg6 d4 17. Nxd4 Qxe5+ 18. Ne2 Qd5 19. Nf4 Qc4 20. Nd3 Be8 21. Qg3 Qe4+ 22. Kd2 Nd4 23. Rhe1 Qd5 24. Re5 Qd7 25. Qe3 Nf5 26. Qf4 b6 27. Qe4 Kb8 28. Rxe6 Nd6 29. Rxd6 1-0

[Event "Sydney op-A"]
[Site "Parramatta"]
[Date "2009.04.18"]
[Round "8"]
[White "Yu, Sally"]
[Black "Brockman, Roland"]
[Result "1-0"]
[WhiteElo "1819"]
[BlackElo "1764"]
[PlyCount "99"]
[EventDate "2009.04.15"]
[EventType "swiss"]
[EventRounds "9"]
[EventCountry "AUS"]
[SourceTitle "CBM 129 Extra"]
[Source "ChessBase"]
[SourceDate "2009.05.05"]
[SourceVersion "2"]
[SourceVersionDate "2009.05.20"]
[SourceQuality "1"]

1. e4 Nf6 2. e5 Nd5 3. d4 d6 4. c4 Nb6 5. exd6 exd6 6. Nc3 Be7 7. Bd3 N8d7 8. Nge2 Nf6 9. 0-0 0-0 10. Ng3 Re8 11. Nce4 Nxe4 12. Nxe4 Nd7 13. Qf3 Nf6 14. Ng5 g6 15. Re1 h6 16. Ne4 Nxe4 17. Bxe4 Bf8 18. Bd2 c6 19. b4 Bg7 20. Bc3 Bd7 21. Rab1 a6 22. d5 f5 23. dxc6 fxe4 24. cxd7 Re7 25. Qg3 Bxc3 26. Qxc3 Qxd7 27. Rbd1 Rd8 28. Qd4 Qe6 29. Re3 Qe5 30. f3 Qxd4 31. Rxd4 Kf7 32. Rdxe4 Rxe4 33. Rxe4 Rc8 34. a4 a5 35. b5 Rc5 36. Kf2 d5 37. cxd5 Rxd5 38. Ke3 Rd1 39. Rd4 Re1+ 40. Kd3 Re7 41. Kc4 Rc7+ 42. Kd5 Rd7+ 43. Kc5 b6+ 44. Kc4 Rc7+ 45. Kd5 Rd7+ 46. Ke5 Re7+ 47. Kd6 Re6+ 48. Kc7 Kf8 49. Rd6 Re7+ 50. Kxb6 1-0

[Event "Sydney op-A"]
[Site "Parramatta"]
[Date "2009.04.16"]
[Round "3"]
[White "Nakauchi, Gene"]
[Black "Yu, Sally"]
[Result "1-0"]
[WhiteElo "2076"]
[BlackElo "1819"]
[PlyCount "123"]
[EventDate "2009.04.15"]
[EventType "swiss"]
[EventRounds "9"]
[EventCountry "AUS"]
[SourceTitle "CBM 129 Extra"]
[Source "ChessBase"]
[SourceDate "2009.05.05"]
[SourceVersion "2"]
[SourceVersionDate "2009.05.20"]
[SourceQuality "1"]

1. d4 d5 2. c4 e6 3. Nc3 Nf6 4. Bg5 Nbd7 5. Nf3 c6 6. e3 Qa5 7. Nd2 dxc4 8. Bxf6 Nxf6 9. Nxc4 Qc7 10. Be2 Be7 11. 0-0 0-0 12. Rc1 b6 13. Ne5 a6 14. Nxc6 Bd6 15. f4 Bb7 16. Ne5 Qe7 17. Na4 Nd5 18. Qb3 Rab8 19. Bf3 Qe8 20. Rfe1 Be7 21. Nc3 Nxc3 22. Bxb7 Nxa2 23. Qxa2 Rxb7 24. Qxa6 Qa8 25. Ra1 Qxa6 26. Rxa6 Rc8 27. Rea1 f6 28. Ra8 Rbc7 29. Nd7 b5 30. Nb6 Rxa8 31. Rxa8+ Kf7 32. Rc8 Ra7 33. d5 Ra1+ 34. Kf2 Ra2 35. Rc7 Rxb2+ 36. Kf3 Ke8 37. dxe6 Bd8 38. Rb7 Bxb6 39. Rxb6 Ke7 40. f5 b4 41. Rb7+ Kf8 42. h4 b3 43. Rb8+ Ke7 44. Rg8 g6 45. Rg7+ Ke8 46. fxg6 hxg6 47. Rxg6 Rb1 48. Rg8+ Ke7 49. Rb8 Kxe6 50. g4 b2 51. Kg2 Kf7 52. e4 Kg7 53. Rb7+ Kg6 54. Rb6 Kf7 55. h5 Kg7 56. e5 fxe5 57. g5 e4 58. h6+ Kf8 59. Rb8+ Kf7 60. h7 e3 61. h8Q e2 62. Qf6# 1-0

[Event "Doeberl Cup Major 47th"]
[Site "Canberra"]
[Date "2009.04.11"]
[Round "4"]
[White "Egan, Bill"]
[Black "Yu, Sally"]
[Result "0-1"]
[WhiteElo "1795"]
[BlackElo "1661"]
[PlyCount "70"]
[EventDate "2009.04.10"]
[EventType "swiss"]
[EventRounds "6"]
[EventCountry "AUS"]
[SourceTitle "CBM 129 Extra"]
[Source "ChessBase"]
[SourceDate "2009.05.05"]
[SourceVersion "2"]
[SourceVersionDate "2009.05.20"]
[SourceQuality "1"]

1. d4 d5 2. c4 e6 3. Nc3 Nf6 4. cxd5 exd5 5. Bf4 c6 6. e3 Bd6 7. Bxd6 Qxd6 8. Nf3 0-0 9. Qc2 Re8 10. Be2 Nbd7 11. 0-0 Nf8 12. Rab1 Ne4 13. Nxe4 dxe4 14. Ne5 Be6 15. Bc4 Bd5 16. Qb3 f6 17. f4 fxe5 18. fxe5 Bxc4 19. Qxc4+ Qd5 20. Qc2 c5 21. Rbd1 Ne6 22. dxc5 Qxe5 23. b4 Rad8 24. Qf2 Qh5 25. Rc1 Rf8 26. Qc2 Rxf1+ 27. Rxf1 Qd5 28. Rc1 Qd2 29. Qxd2 Rxd2 30. Rc4 Rxa2 31. Rxe4 Kf7 32. Rc4 Rb2 33. g4 Ng5 34. Rf4+ Ke6 35. h4 Nh3+ 0-1